| 000 | 02185nam a2200265Ia 4500 | ||
|---|---|---|---|
| 999 |
_c30722 _d30722 |
||
| 003 | CO-CtgCURN | ||
| 005 | 20250409212017.0 | ||
| 008 | 220303s9999 xx 000 0 und d | ||
| 020 | _a9789587499803 | ||
| 040 |
_aCO-CtgCURN _bspa _ccoctgcurn |
||
| 082 |
_a346 _bC346p |
||
| 100 |
_aCastaño Cardona, Ramiro Alberto. _eautor _97319 |
||
| 245 | 0 |
_aDerecho civil : _bparte general / _cRamiro Alberto Castaño Cardona |
|
| 260 |
_aBogotá, Colombia : _bGrupo Editorial Ibañez, _c2019 |
||
| 300 |
_a304 páginas ; _c23 centímetros |
||
| 500 | _aIncluye índice | ||
| 504 | _aIncluye referencias bibliográficas | ||
| 505 | _aCap.1. El derecho en general -- Cap.2. Fuentes del derecho y estado de las normas jurídicas producto de estas fuentes -- Cap.3. Ramas del derecho objetivo, ubicación del derecho civil y distribución de sus materias -- Cap.4. De la historia de la codificación en general y de nuestro derecho civil colombiano en particular -- Cap.5. Generalidades del código civil colombiano -- Cap.6. Aplicación del derecho -- Cap.7. Aplicación de la ley civil en el tiempo -- Cap.8. Aplicación de la ley civil en el espacio -- Cap.9. Aspectos generales sobre la interpretación de la ley -- Cap.10. Escuelas y otros aspectos de la interpretación del derecho -- Cap.11. Integración del derecho -- Cap.12. Definición de varias palabras de uso frecuente en las leyes -- Cap.13. Teoría general de los derechos subjetivos -- Cap.14. Teoría general del negocio jurídico conceptos preliminares -- Cap.15. Requisitos de existencia del negocio jurídico -- Cap.16. Requisitos de validez del negocio jurídico -- Cap.17. Modalidades en los negocios jurídicos -- Cap.18. Principio de la relatividad en los negocios jurídicos -- Cap.19. De los negocios jurídicos irregulares -- Cap.20. Interpretación de los negocios jurídicos en general y de los contratos en particular. | ||
| 521 | _aAREA PROFESIONAL | ||
| 590 | _aPrograma de Derecho_18 | ||
| 650 |
_aDerecho civil _zColombia _97320 |
||
| 942 |
_cBK _h346 _iC346p _2ddc |
||